000 00794nam a2200253Ia 4500
003 OSt
005 20220927105310.0
006 a|||||r|||| 00| 0
007 ta
008 220926b |||||||| |||| 00| 0 eng d
024 _a173950
037 _cReference Collections
040 _aRTL
_cRTL
_beng
041 _2eng
_aeng
082 _aX4251:54.20a53.L93<--L63
100 _aSINHA Arvind
_9371513
245 0 _a"Anglo-French commerce along the Coromandel Coast, 1763-1793"
260 _aDelhi
_bUniversity of Delhi
300 _a314p
_ccm.
500 _aBibliography P 296-311; Appendix p 312-314; Glossary P 293-295
650 _aCoastal trade
_9371514
942 _hX4251:54.20a53.L93<--L63
_cCC
999 _c691674
_d691674